[Event "12th American Continental"]
[Site "Medellin COL"]
[Date "2017.06.11"]
[Round "3.110"]
[White "Zapata, Olga Maria"]
[Black "Hernandez Saldivia, Rody"]
[Result "1-0"]
[WhiteElo "1715"]
[BlackElo "1903"]
[EventDate "2017.06.10"]
[PlyCount "29"]

1.d4 Nf6 2.c4 g6 3.Nc3 Bg7 4.e4 d6 5.f3 O-O 6.Be3 e5 7.d5 Nbd7 8.Nh3 h5 9.
Qd2 Nc5 10.Nf2 Nfd7 11.O-O-O f5 12.exf5 gxf5 13.Bg5 Qe8 14.Bh6 Qg6 15.Bxg7
{illegible} 1-0

[Event "12th American Continental"]
[Site "Medellin COL"]
[Date "2017.06.11"]
[Round "3.111"]
[White "Echavarria, Gustavo"]
[Black "Velasquez, Andres"]
[Result "1-0"]
[WhiteElo "1902"]
[BlackElo "1731"]
[EventDate "2017.06.10"]
[PlyCount "39"]

1.d4 Nf6 2.Nd2 g6 3.e4 d6 4.Bd3 Bg7 5.f4 O-O 6.Ne2 b6 7.O-O Bb7 8.c3 e5 9.
fxe5 dxe5 10.d5 c6 11.c4 b5 12.dxc6 Nxc6 13.cxb5 Nb4 14.Bb1 Qb6+ 15.Kh1 
Ng4 16.Ng3 Ne3 17.Qb3 Nxf1 18.Ndxf1 h5 19.Qxb4 h4 20.Be3 {illegible} 1-0

[Event "12th American Continental"]
[Site "Medellin COL"]
[Date "2017.06.11"]
[Round "3.113"]
[White "Martinez Paipa, Hernan"]
[Black "Varela Garcia, Maria De Los Angeles"]
[Result "1-0"]
[WhiteElo "1893"]
[BlackElo "1717"]
[EventDate "2017.06.10"]
[PlyCount "47"]

1.e4 c5 2.Nf3 e6 3.d4 cxd4 4.Nxd4 a6 5.Nc3 Qc7 6.Bd3 Nf6 7.Bg5 Be7 8.Qe2 
d6 9.O-O-O O-O 10.f4 h6 11.Bh4 Nxe4 12.Qxe4 f5 13.Qe1 Bxh4 14.Qxh4 b5 15.
Rhe1 b4 16.Nce2 e5 17.fxe5 dxe5 18.Nxf5 Bxf5 19.Bxf5 Rxf5 20.Qe4 Rf8 21.
Qxa8 Kh8 22.Qe4 Rc8 23.Rd2 Qa5 24.Qd5 1-0

[Event "12th American Continental"]
[Site "Medellin COL"]
[Date "2017.06.11"]
[Round "3.114"]
[White "Leon Acevedo, Juan Alejandro"]
[Black "Croes, Octavio"]
[Result "0-1"]
[WhiteElo "1659"]
[BlackElo "1888"]
[EventDate "2017.06.10"]
[PlyCount "46"]

1.d4 Nf6 2.c4 e6 3.Nf3 Bb4+ 4.Bd2 Qe7 5.e3 b6 6.Bd3 Bb7 7.O-O O-O 8.a3 
Bxd2 9.Nbxd2 d6 10.Qc2 Nbd7 11.b4 c5 12.bxc5 dxc5 13.a4 cxd4 14.exd4 Rac8 
15.Qb2 Rfd8 16.Rfe1 Nc5 17.Qa3 Qd7 18.Ne5 Qxd4 19.Nb3 Nxb3 20.Qxb3 Ne4 21.
Bxe4 Bxe4 22.Qa3 Bf5 23.Rad1 Qxd1 0-1

[Event "12th American Continental"]
[Site "Medellin COL"]
[Date "2017.06.12"]
[Round "4.1"]
[White "Vasquez Schroder, Rodrigo"]
[Black "Iturrizaga Bonelli, Eduardo"]
[Result "1/2-1/2"]
[WhiteElo "2553"]
[BlackElo "2663"]
[EventDate "2017.06.10"]
[PlyCount "29"]

1.e4 c5 2.Nf3 e6 3.d4 cxd4 4.Nxd4 a6 5.Bd3 Ne7 6.O-O Nbc6 7.Nb3 g6 8.f4 d5
9.e5 Bg7 10.N1d2 f6 11.exf6 Bxf6 12.Nf3 O-O 13.Qe2 Qc7 14.Re1 Bd7 15.c3 
1/2-1/2

[Event "12th American Continental"]
[Site "Medellin COL"]
[Date "2017.06.12"]
[Round "4.2"]
[White "Bachmann Schiavo, Axel"]
[Black "Ramirez Alvarez, Alejandro"]
[Result "1/2-1/2"]
[WhiteElo "2653"]
[BlackElo "2552"]
[EventDate "2017.06.10"]
[PlyCount "44"]

1.Nf3 d5 2.d4 Nf6 3.c4 c6 4.e3 e6 5.Bd3 Nbd7 6.b3 b6 7.O-O Bb7 8.Qe2 Be7 
9.Bb2 O-O 10.Rd1 Qc7 11.Nc3 Rfe8 12.Rac1 Rad8 13.h3 Qb8 14.a3 a5 15.Ne5 
Nxe5 16.dxe5 Nd7 17.cxd5 cxd5 18.Bb5 Rf8 19.Bxd7 Rxd7 20.Na4 Bc8 21.Rc2 
Rb7 22.Rdc1 Bd7 1/2-1/2

[Event "12th American Continental"]
[Site "Medellin COL"]
[Date "2017.06.12"]
[Round "4.6"]
[White "Hungaski, Robert"]
[Black "Peralta, Fernando"]
[Result "1/2-1/2"]
[WhiteElo "2492"]
[BlackElo "2569"]
[EventDate "2017.06.10"]
[PlyCount "52"]

1.Nf3 Nf6 2.g3 d5 3.Bg2 Bf5 4.O-O e6 5.c4 c6 6.cxd5 exd5 7.d3 Na6 8.Nc3 
Be7 9.a3 O-O 10.Nd4 Bg6 11.b4 Nc7 12.e4 a5 13.Rb1 axb4 14.axb4 dxe4 15.
dxe4 Re8 16.Bf4 Bf8 17.Nxc6 Qxd1 18.Rfxd1 bxc6 19.Bxc7 Nxe4 20.Nxe4 Bxe4 
21.Bxe4 Rxe4 22.Bd6 g6 23.Bxf8 Rxf8 24.Rdc1 Rb8 25.Rxc6 Rexb4 26.Rxb4 Rxb4
1/2-1/2

[Event "12th American Continental"]
[Site "Medellin COL"]
[Date "2017.06.12"]
[Round "4.7"]
[White "Flores, Diego"]
[Black "Cuartas Medina, Jaime Alexander"]
[Result "0-1"]
[WhiteElo "2567"]
[BlackElo "2492"]
[EventDate "2017.06.10"]
[PlyCount "134"]

1.c4 c5 2.Nf3 g6 3.d4 cxd4 4.Nxd4 Bg7 5.e4 Nc6 6.Be3 Nf6 7.Nc3 O-O 8.Be2 
b6 9.O-O Bb7 10.Qd2 Nxd4 11.Bxd4 e5 12.Bxe5 Nxe4 13.Nxe4 Bxe5 14.f4 Bxb2 
15.Qxb2 Bxe4 16.Bf3 Bxf3 17.Rxf3 Rc8 18.f5 Rxc4 19.Raf1 gxf5 20.Rxf5 Rg4 
21.Qe5 d6 22.Qe3 Rg7 23.h3 Re8 24.Qf4 Qe7 25.Rf2 Qc7 26.Rf6 Re5 27.Kh2 b5 
28.Rd2 Rg6 29.Rdxd6 Re6 30.Rdxe6 Qxf4+ 31.Rxf4 Rxe6 32.a4 a6 33.axb5 axb5 
34.Rb4 Re5 35.Rd4 Kf8 36.Kg3 Ke7 37.Kf4 Rc5 38.Ke3 Rc3+ 39.Ke4 Rc5 40.Kd3 
Ke6 41.Re4+ Re5 42.Rh4 h5 43.Kc3 Kf6 44.g4 hxg4 45.hxg4 Rg5 46.Rh6+ Kg7 
47.Rb6 Rd5 48.Kb4 Rd4+ 49.Kxb5 Rxg4 50.Kc5 f6 51.Kd5 Kg6 52.Rb8 f5 53.Rb1 
Kf6 54.Rf1 Ra4 55.Re1 f4 56.Re4 Ra5+ 57.Kd4 Kf5 58.Re8 Ra3 59.Rg8 f3 60.
Rf8+ Kg4 61.Ke4 Kg3 62.Rg8+ Kh2 63.Rh8+ Kg2 64.Rg8+ Kf1 65.Kf4 f2 66.Re8 
Kg2 67.Rg8+ Kh2 0-1

[Event "12th American Continental"]
[Site "Medellin COL"]
[Date "2017.06.12"]
[Round "4.8"]
[White "Zavarce, Oscar Enrique"]
[Black "Cruz Sanchez, Cristhian"]
[Result "0-1"]
[WhiteElo "2364"]
[BlackElo "2558"]
[EventDate "2017.06.10"]
[PlyCount "102"]

1.e4 c5 2.Nf3 e6 3.d4 cxd4 4.Nxd4 Nc6 5.Nc3 Qc7 6.Be3 a6 7.Qf3 Nf6 8.O-O-O
Be7 9.Be2 h5 10.Qg3 Qxg3 11.hxg3 Ne5 12.Nf3 Ng6 13.Bd4 b5 14.e5 Ng4 15.Bd3
Bb7 16.Ne4 Rc8 17.Rh3 Bxe4 18.Bxe4 Bc5 19.Bb7 Rc7 20.Bxa6 b4 21.Rd2 Ke7 
22.Bb5 Bxd4 23.Nxd4 N6xe5 24.Re2 Rc5 25.f3 Nf6 26.f4 Neg4 27.Rh1 Ra8 28.
Kb1 Kf8 29.c3 bxc3 30.Rc1 Rb8 31.Rxc3 Rcxb5 32.Nxb5 Rxb5 33.a4 Ra5 34.b3 
Nd5 35.Rc8+ Ke7 36.Rec2 Nge3 37.R2c5 Ra7 38.Kb2 Nxg2 39.Ka3 h4 40.gxh4 
Ngxf4 41.Rb5 Nd3 42.h5 f5 43.Rbb8 Ne5 44.Rf8 Nf6 45.b4 f4 46.h6 gxh6 47.b5
f3 48.Rfc8 f2 49.Rc1 Nd5 50.Rf1 Nc4+ 51.Ka2 Rxa4+ 0-1

[Event "12th American Continental"]
[Site "Medellin COL"]
[Date "2017.06.12"]
[Round "4.9"]
[White "Bruzon Batista, Lazaro"]
[Black "Quintiliano Pinto, Renato Rodrigues"]
[Result "1-0"]
[WhiteElo "2650"]
[BlackElo "2483"]
[EventDate "2017.06.10"]
[PlyCount "138"]

1.Nf3 d5 2.g3 Nf6 3.Bg2 e6 4.c4 Be7 5.d4 O-O 6.Nc3 Nbd7 7.O-O dxc4 8.e4 c6
9.Bf4 Re8 10.a4 a5 11.Qe2 b6 12.Rfd1 Ba6 13.Nd2 Bf8 14.Nxc4 Nd5 15.Bd2 Rc8
16.Rac1 Nb4 17.e5 c5 18.Nb5 Nd5 19.Qg4 f5 20.exf6 N7xf6 21.Qe2 cxd4 22.
Nxd4 Kh8 23.Bh3 Rxc4 24.Rxc4 Bxc4 25.Qxc4 e5 26.Ne6 Qd6 27.Ng5 Qc5 28.Qb3 
h6 29.Rc1 Qe7 30.Nf3 e4 31.Nh4 Qd8 32.Ng6+ Kh7 33.Bf5 Bc5 34.Be3 Bxe3 35.
fxe3 h5 36.Nf4+ Kh6 37.Rd1 Re5 38.Be6 g5 39.Bxd5 gxf4 40.Bc4 Qc7 41.gxf4 
Re7 42.Be2 Rg7+ 43.Kh1 Rg6 44.Qc3 Qg7 45.Qe1 Qe7 46.Qf2 Qc5 47.Rg1 Rxg1+ 
48.Qxg1 Kh7 49.h3 Qc2 50.Bb5 Qd2 51.f5 Kh8 52.Qg5 Qc1+ 53.Kg2 Qxb2+ 54.Kg3
Qe5+ 55.Kh4 Qe7 56.Bc4 Qe5 57.Be6 Qa1 58.Qg3 Qc3 59.Kg5 Kg7 60.Kh4+ Kh8 
61.Qf4 Qe1+ 62.Qg3 Qc3 63.Bf7 Qa1 64.Bg6 Qc3 65.Qb8+ Kg7 66.Qg3 Kf8 67.
Qd6+ Kg8 68.Qd8+ Kg7 69.Qe7+ Kh8 1-0

[Event "12th American Continental"]
[Site "Medellin COL"]
[Date "2017.06.12"]
[Round "4.13"]
[White "Pulvett Marin, Daniel"]
[Black "Pichot, Alan"]
[Result "1/2-1/2"]
[WhiteElo "2437"]
[BlackElo "2577"]
[EventDate "2017.06.10"]
[PlyCount "61"]

1.d4 Nf6 2.c4 e6 3.g3 Bb4+ 4.Bd2 a5 5.Bg2 O-O 6.Nf3 b6 7.O-O Bb7 8.Bf4 Be7
9.Nc3 Ne4 10.Qc2 Nxc3 11.Qxc3 d6 12.Rad1 Nd7 13.Qc2 f5 14.Ng5 Bxg5 15.Bxb7
Rb8 16.Bxg5 Qxg5 17.Bc6 Nf6 18.f4 Qh6 19.e4 fxe4 20.Bxe4 e5 21.Bc6 Kh8 22.
Qe2 exf4 23.Rxf4 Ng8 24.Rdf1 Rxf4 25.Rxf4 Qg6 26.Qe4 Qh5 27.Kg2 Qd1 28.Rf1
Qd2+ 29.Rf2 Qd1 30.Qh4 Qe1 31.Qe4 1/2-1/2

[Event "12th American Continental"]
[Site "Medellin COL"]
[Date "2017.06.12"]
[Round "4.14"]
[White "Ortiz Suarez, Isan Reynaldo"]
[Black "Zapata, Alonso"]
[Result "1/2-1/2"]
[WhiteElo "2570"]
[BlackElo "2420"]
[EventDate "2017.06.10"]
[PlyCount "115"]

1.e4 c5 2.Nf3 e6 3.Be2 Nc6 4.d4 cxd4 5.Nxd4 Nf6 6.Nc3 Bb4 7.O-O O-O 8.Qd3 
e5 9.Nb3 Bxc3 10.bxc3 d5 11.exd5 Nxd5 12.Rd1 Nf4 13.Bxf4 exf4 14.Qxd8 Rxd8
15.Bf3 Bf5 16.Nd4 Nxd4 17.Rxd4 Rxd4 18.cxd4 Rc8 19.Bxb7 Rxc2 20.d5 Kf8 21.
a4 Ke7 22.Re1+ Kd6 23.f3 Rb2 24.Ba6 Rb1 25.Rxb1 Bxb1 26.Bc4 a5 27.Bb3 Kc5 
28.Kf2 Bf5 29.Ke2 Kb4 30.Bd1 Kc3 31.d6 Bd7 32.Ke1 g5 33.Kf2 h5 34.h3 f6 
35.Ke1 Bc6 36.Ke2 f5 37.Ke1 h4 38.Ke2 Bd7 39.Ke1 Bc6 40.Ke2 Kd4 41.Kd2 Ke5
42.Kc3 Kxd6 43.Kc4 g4 44.Kd4 Bd5 45.fxg4 fxg4 46.Bxg4 Bxg2 47.Bf5 Bc6 48.
Bc2 f3 49.Ke3 Kc5 50.Bd1 Kb4 51.Kf2 Bxa4 52.Bxf3 Bd7 53.Bg4 Bb5 54.Ke3 a4 
55.Kd2 Kb3 56.Bd1+ Kc4 57.Bxa4 Bxa4 58.Ke3 1/2-1/2

[Event "12th American Continental"]
[Site "Medellin COL"]
[Date "2017.06.12"]
[Round "4.16"]
[White "Fernandez, Fernando"]
[Black "Bacallao Alonso, Yusnel"]
[Result "0-1"]
[WhiteElo "2416"]
[BlackElo "2554"]
[EventDate "2017.06.10"]
[PlyCount "104"]

1.e4 c6 2.d4 d5 3.e5 Bf5 4.Nf3 e6 5.Be2 c5 6.c3 Nc6 7.O-O h6 8.Be3 Qb6 9.
dxc5 Bxc5 10.Bxc5 Qxc5 11.Qa4 Ne7 12.Nbd2 O-O 13.Qb5 Qxb5 14.Bxb5 Rfc8 15.
Rfe1 Na5 16.Nd4 Bg6 17.a4 a6 18.Bf1 Nec6 19.N2f3 Be4 20.Re3 Rc7 21.b4 Nxd4
22.Nxd4 Nc6 23.Nxc6 Rxc6 24.a5 Bg6 25.f4 Rac8 26.Ra3 d4 27.cxd4 Rc1 28.Kf2
Rd8 29.b5 axb5 30.Bxb5 Rxd4 31.Kg3 Be4 32.a6 bxa6 33.Bxa6 g5 34.fxg5 hxg5 
35.Be2 Rc5 36.Bf3 Rxe5 37.Re2 Kg7 38.Rc3 f5 39.Kf2 Kf6 40.Rce3 Bxf3 41.
gxf3 Rxe3 42.Rxe3 Rd2+ 43.Kg1 f4 44.Ra3 g4 45.fxg4 Kg5 46.Ra6 e5 47.Ra5 
Re2 48.h3 f3 49.Kf1 Kf4 50.Ra8 e4 51.h4 e3 52.g5 Rb2 0-1

[Event "12th American Continental"]
[Site "Medellin COL"]
[Date "2017.06.12"]
[Round "4.18"]
[White "Garcia Pantoja, Roberto"]
[Black "Quinonez Garcia, Santiago"]
[Result "1/2-1/2"]
[WhiteElo "2500"]
[BlackElo "2379"]
[EventDate "2017.06.10"]
[PlyCount "89"]

1.e4 c5 2.Nf3 g6 3.d4 cxd4 4.Nxd4 Nc6 5.c4 Bg7 6.Be3 Nf6 7.Nc3 d6 8.Be2 
O-O 9.O-O Bd7 10.f3 Nxd4 11.Bxd4 a5 12.a3 a4 13.c5 dxc5 14.Bxc5 Bc6 15.Qe1
Qc7 16.Qf2 Rfe8 17.Rac1 Nd7 18.Nb5 Qb8 19.Ba7 Qd8 20.Bd4 Bh6 21.f4 Nf6 22.
e5 Nd5 23.Qh4 Nxf4 24.Rxf4 Bxf4 25.Qxf4 Qd5 26.Qf2 Bxb5 27.Rc5 Qe4 28.Rxb5
Red8 29.Bc3 Rac8 30.Rb4 Qc2 31.Rf4 Rxc3 32.bxc3 Rd2 33.Rxf7 Rxe2 34.Rf8+ 
Kg7 35.Rf7+ Kg8 36.Rf8+ Kg7 37.Qf7+ Kh6 38.Qf4+ g5 39.Qg3 Qc1+ 40.Rf1 Qe3+
41.Qxe3 Rxe3 42.Rb1 Rxc3 43.Rxb7 Rxa3 44.Rxe7 Kg6 45.g4 1/2-1/2

[Event "12th American Continental"]
[Site "Medellin COL"]
[Date "2017.06.12"]
[Round "4.20"]
[White "Gonzalez Acosta, Bernal Manuel"]
[Black "Franco Valencia, Beatriz Irene"]
[Result "1-0"]
[WhiteElo "2494"]
[BlackElo "2173"]
[EventDate "2017.06.10"]
[PlyCount "117"]

1.e4 g6 2.Nc3 Bg7 3.d4 d6 4.Be3 a6 5.Qd2 b5 6.f3 Bb7 7.h4 h6 8.Nh3 Nd7 9.
O-O-O Ngf6 10.g4 c5 11.g5 hxg5 12.hxg5 Nh5 13.Nf2 Qa5 14.Kb1 c4 15.a3 Qc7 
16.Bh3 O-O-O 17.Bg4 Ng3 18.Rxh8 Rxh8 19.Rg1 Nh5 20.Rh1 Ng3 21.Rxh8+ Bxh8 
22.Qe1 Qb6 23.Nfd1 Nh5 24.Ne2 Ng7 25.Qh4 Qd8 26.Qh3 e6 27.d5 Qg8 28.a4 Ne5
29.axb5 axb5 30.Nd4 Nxg4 31.Qxg4 b4 32.Qg3 Ne8 33.Qe1 exd5 34.Qxb4 Bxd4 
35.Bxd4 Qf8 36.Nc3 dxe4 37.Qxc4+ Kd7 38.Qa4+ Bc6 39.Qa7+ Nc7 40.Bb6 Qc8 
41.Nxe4 Qb7 42.Qxb7 Bxb7 43.Bxc7 Kxc7 44.c4 d5 45.cxd5 Bxd5 46.Kc2 Bc6 47.
Kd3 Kd7 48.Ke3 Ke6 49.Kf4 Kd5 50.b4 Bb7 51.Nc5 Bc8 52.Nd3 Bf5 53.Ne5 Be6 
54.Ng4 Bc8 55.b5 Bb7 56.b6 Kc5 57.Ne5 Bd5 58.Nxf7 Be4 59.Kxe4 1-0

[Event "12th American Continental"]
[Site "Medellin COL"]
[Date "2017.06.12"]
[Round "4.24"]
[White "Herrera Betancourt, Juan Sebastian"]
[Black "Molina, Roberto Junio Brito"]
[Result "1/2-1/2"]
[WhiteElo "2220"]
[BlackElo "2464"]
[EventDate "2017.06.10"]
[PlyCount "60"]

1.d4 Nf6 2.c4 e6 3.Nc3 Bb4 4.a3 Bxc3+ 5.bxc3 O-O 6.e3 b6 7.Bd3 Bb7 8.f3 d5
9.cxd5 exd5 10.Ne2 Re8 11.O-O Ba6 12.Ng3 c5 13.Bxa6 Nxa6 14.Qd3 Qc8 15.e4 
cxd4 16.cxd4 Qc4 17.Qxc4 dxc4 18.Bb2 Red8 19.Rfd1 Rac8 20.Rac1 Nb8 21.d5 
b5 22.Nf5 Rd7 23.g4 Ne8 24.Bc3 a6 25.e5 h6 26.Bb4 Kh7 27.Ne7 Rcc7 28.d6 
Ra7 29.f4 a5 30.Bc5 Rab7 1/2-1/2

[Event "12th American Continental"]
[Site "Medellin COL"]
[Date "2017.06.12"]
[Round "4.25"]
[White "Barrientos Chavarriaga, Sergio"]
[Black "Harper, Ryan"]
[Result "1-0"]
[WhiteElo "2463"]
[BlackElo "2209"]
[EventDate "2017.06.10"]
[PlyCount "101"]

1.d4 d5 2.c4 c6 3.Nf3 Nf6 4.Nc3 dxc4 5.a4 Bf5 6.Nh4 Bc8 7.Nf3 Bf5 8.e3 e6 
9.Bxc4 Bb4 10.O-O O-O 11.h3 Nbd7 12.Nh4 Be4 13.Nxe4 Nxe4 14.Nf3 c5 15.Qb3 
Qe7 16.a5 Rab8 17.Rd1 Rfd8 18.d5 exd5 19.Rxd5 Ndf6 20.Rxd8+ Rxd8 21.Qc2 
Qd6 22.Bb3 h6 23.Qc4 Rd7 24.Bc2 Qd5 25.Qxd5 Rxd5 26.Kf1 a6 27.Ke2 Kf8 28.
Ra4 h5 29.Ne1 Bd2 30.Bxe4 Nxe4 31.Rxe4 Bxc1 32.Nd3 Rxd3 33.Kxd3 Bxb2 34.
Ra4 Be5 35.Kc4 Bd6 36.Ra1 Ke8 37.Rb1 Bc7 38.Rxb7 Bxa5 39.Kxc5 g6 40.Kd6 
Kf8 41.e4 Be1 42.f3 a5 43.Ra7 Bb4+ 44.Kd5 Be1 45.g4 hxg4 46.hxg4 Bc3 47.e5
g5 48.Ke4 Ke8 49.Kf5 Bd2 50.Kf6 Bc3 51.Re7+ 1-0

[Event "12th American Continental"]
[Site "Medellin COL"]
[Date "2017.06.12"]
[Round "4.26"]
[White "Terry Lujan, Renato Alfredo"]
[Black "Zapata Arbelaez, Estiven"]
[Result "1-0"]
[WhiteElo "2454"]
[BlackElo "2202"]
[EventDate "2017.06.10"]
[PlyCount "145"]

1.Nf3 d5 2.c4 c6 3.e3 Nf6 4.Nc3 e6 5.Qc2 Nbd7 6.b3 Bd6 7.Bb2 Qe7 8.Rg1 e5 
9.cxd5 Nxd5 10.Ne4 Bc7 11.g4 N7f6 12.Nxf6+ Nxf6 13.g5 Nd5 14.a3 Bd7 15.Bc4
Nb6 16.Bd3 O-O-O 17.Be4 Kb8 18.O-O-O f6 19.gxf6 gxf6 20.Kb1 Qf7 21.Nh4 Be6
22.Ka2 Na4 23.Bf5 Nxb2 24.Kxb2 Rhg8 25.Bxe6 Qxe6 26.Rxg8 Qxg8 27.Qe4 a5 
28.Nf5 Qe6 29.d3 Rg8 30.h4 a4 31.Qc4 Qxc4 32.bxc4 Rg2 33.Rf1 Kc8 34.Kc2 
Kd7 35.Kd2 Ke6 36.e4 Bb6 37.Ke2 Rh2 38.Rb1 Bxf2 39.Rxb7 Bc5+ 40.Kf3 Rh3+ 
41.Kg4 Rxd3 42.Ng7+ Kd6 43.Nf5+ Ke6 44.Rc7 Bxa3 45.Rxc6+ Kf7 46.Rc7+ Ke6 
47.Ra7 Bc5 48.Rxa4 Ra3 49.Rxa3 Bxa3 50.h5 Bf8 51.Kf3 Kd7 52.Ne3 Bd6 53.Kg4
Ke6 54.Nf1 Bb4 55.Ng3 Bc5 56.Ne2 Ba3 57.Nc3 Bc5 58.Nb5 Bb6 59.Na3 Bd4 60.
Nc2 Bc3 61.c5 Bd4 62.c6 Bc5 63.c7 Kd7 64.Kf5 Be7 65.Ne3 Kxc7 66.Nd5+ Kd6 
67.Nxf6 Bxf6 68.Kxf6 h6 69.Kf5 Kd7 70.Kxe5 Ke7 71.Kf5 Kf7 72.e5 Ke7 73.Kg6
1-0

[Event "12th American Continental"]
[Site "Medellin COL"]
[Date "2017.06.12"]
[Round "4.27"]
[White "Brizuela Abreu, Reivis Gabriel"]
[Black "Gallego Alcaraz, Andres Felipe"]
[Result "1/2-1/2"]
[WhiteElo "2219"]
[BlackElo "2453"]
[EventDate "2017.06.10"]
[PlyCount "55"]

1.d4 Nf6 2.c4 c5 3.d5 e6 4.Nc3 exd5 5.cxd5 d6 6.h3 g6 7.Nf3 Bg7 8.Bf4 O-O 
9.e3 a6 10.a4 Ne8 11.Be2 Nd7 12.O-O Qe7 13.a5 h6 14.Nd2 Ne5 15.Na4 g5 16.
Bxe5 Bxe5 17.Nc4 Bf5 18.Bd3 Bxd3 19.Qxd3 Ng7 20.Rab1 Rac8 21.b4 cxb4 22.
Rxb4 Rc7 23.Rfb1 Bf6 24.Qb3 Rfc8 25.Nab6 Rd8 26.Na4 Rdc8 27.Nab6 Rd8 28.
Na4 1/2-1/2

[Event "12th American Continental"]
[Site "Medellin COL"]
[Date "2017.06.12"]
[Round "4.29"]
[White "Ruiz Aguilar, Pablo Alexander"]
[Black "Valderrama Quiceno, Esteban"]
[Result "1/2-1/2"]
[WhiteElo "2206"]
[BlackElo "2413"]
[EventDate "2017.06.10"]
[PlyCount "133"]

1.e4 d6 2.d4 Nf6 3.Nc3 g6 4.f4 Bg7 5.Nf3 O-O 6.Bd3 Na6 7.O-O c5 8.Bxa6 
cxd4 9.Bd3 dxc3 10.bxc3 Qa5 11.Bd2 b6 12.Qe2 Bb7 13.a4 Qc5+ 14.Kh1 Rac8 
15.a5 bxa5 16.Rfb1 Qc7 17.Nd4 d5 18.Nb5 Qd7 19.e5 Ne4 20.Rxa5 a6 21.Nd4 
Nxc3 22.Bxc3 Rxc3 23.Ra2 Qc7 24.h3 Bc8 25.Qe3 e6 26.Qe2 Qc5 27.Nb3 Qc7 28.
Nd4 Rd8 29.Qe1 Bf8 30.Nf3 Be7 31.Qg1 a5 32.Nd4 Bc5 33.Nb5 Bxg1 34.Nxc7 Be3
35.Nb5 Rc5 36.g3 g5 37.fxg5 d4 38.Nd6 Rxe5 39.Nxc8 Rxc8 40.h4 Rc7 41.Kg2 
Kg7 42.Rb8 Ra7 43.Ra4 Rd5 44.g4 Rc7 45.Kf3 Bd2 46.Be4 Rc3+ 47.Kg2 Bf4 48.
Re8 Rg3+ 49.Kf2 Rxg4 50.Bxd5 exd5 51.Rxa5 Rxh4 52.Rxd5 Bc1 53.Kg3 Rh1 54.
Rxd4 Bxg5 55.c4 Rc1 56.Kg4 Bf6 57.Rf4 Kg6 58.Rc8 Rc3 59.Rf3 h5+ 60.Kf4 
Bg5+ 61.Ke4 f5+ 62.Rxf5 Re3+ 63.Kd4 Kxf5 64.Rc5+ Kf4 65.Rxg5 Re4+ 66.Kd5 
Rxc4 67.Rxh5 1/2-1/2

[Event "12th American Continental"]
[Site "Medellin COL"]
[Date "2017.06.12"]
[Round "4.31"]
[White "Lora Jaramillo, Joel Fernando"]
[Black "Valdes Romero, Leonardo"]
[Result "1/2-1/2"]
[WhiteElo "2193"]
[BlackElo "2407"]
[EventDate "2017.06.10"]
[PlyCount "109"]

1.Nf3 Nf6 2.d4 g6 3.Bg5 Bg7 4.Nbd2 O-O 5.e3 d6 6.Be2 Nbd7 7.O-O h6 8.Bh4 
g5 9.Bg3 Nh5 10.c3 e6 11.Qb3 Qe7 12.a4 a6 13.Ne4 f5 14.Ne1 g4 15.Nd2 Kh8 
16.Nd3 e5 17.Rae1 Nxg3 18.hxg3 Nf6 19.dxe5 dxe5 20.Qb4 Qxb4 21.Nxb4 Rd8 
22.Rd1 Bd7 23.a5 Ba4 24.b3 Bb5 25.c4 Be8 26.Nd3 Bf8 27.Nxe5 Bb4 28.Nd3 Bc3
29.f3 Kg7 30.Kf2 Rab8 31.Nb1 Bxa5 32.Nc5 Rxd1 33.Rxd1 Kf7 34.Nd3 Ke7 35.
Rh1 h5 36.Nf4 c6 37.Bd3 Bd7 38.Rh4 Bb6 39.Nd2 Kf7 40.Nxh5 Re8 41.Nf1 Ng8 
42.Nf4 Nf6 43.Ne2 Kg7 44.Nd4 Re5 45.Nd2 Ra5 46.Rh1 Ra2 47.Rd1 Ba5 48.Ke2 
Nh5 49.Nc2 Nxg3+ 50.Kf2 Nh5 51.b4 Bc7 52.f4 a5 53.bxa5 Bxa5 54.Nb3 Bc3 55.
Nc5 1/2-1/2

[Event "12th American Continental"]
[Site "Medellin COL"]
[Date "2017.06.12"]
[Round "4.34"]
[White "Otalora Pacheco, Carlos Eduardo"]
[Black "Garcia, Gildardo"]
[Result "1/2-1/2"]
[WhiteElo "2175"]
[BlackElo "2396"]
[EventDate "2017.06.10"]
[PlyCount "30"]

1.d4 Nf6 2.Nf3 g6 3.c4 Bg7 4.Nc3 d5 5.cxd5 Nxd5 6.e4 Nxc3 7.bxc3 c5 8.Rb1 
O-O 9.Be2 Nd7 10.O-O Nf6 11.Bd3 Qc7 12.Bg5 Rd8 13.Qb3 b6 14.a4 Bb7 15.Rfc1
h6 1/2-1/2

[Event "12th American Continental"]
[Site "Medellin COL"]
[Date "2017.06.12"]
[Round "4.39"]
[White "Chumpitaz Carbajal, Ann"]
[Black "Thavandiran, Shiyam"]
[Result "1/2-1/2"]
[WhiteElo "2163"]
[BlackElo "2363"]
[EventDate "2017.06.10"]
[PlyCount "81"]

1.d4 e6 2.Nf3 Nf6 3.c4 Bb4+ 4.Bd2 a5 5.Qc2 d6 6.e4 e5 7.d5 Na6 8.a3 Bxd2+ 
9.Nfxd2 Nc5 10.b3 Nh5 11.g3 Qg5 12.Nc3 O-O 13.Nf3 Qe7 14.Nh4 g6 15.Be2 Ng7
16.O-O Bh3 17.Rfb1 f5 18.Bf1 Bxf1 19.Rxf1 f4 20.Ng2 Nh5 21.b4 axb4 22.axb4
Rxa1 23.Rxa1 Na6 24.Na2 Qd7 25.Qd3 Qh3 26.Rd1 Qd7 27.Ne1 fxg3 28.hxg3 Qg4 
29.Ng2 Rf3 30.Qc2 Nf6 31.Re1 Qh3 32.Re3 Rxe3 33.Nxe3 h5 34.c5 h4 35.gxh4 
dxc5 36.b5 Nb4 37.Nxb4 cxb4 38.Qxc7 Nd7 39.Qd8+ Kf7 40.d6 b3 41.Nf5 
1/2-1/2

[Event "12th American Continental"]
[Site "Medellin COL"]
[Date "2017.06.12"]
[Round "4.42"]
[White "Posada Zuluaga, Juan Manuel"]
[Black "Lopez Gonzalez, Abel Fabian"]
[Result "1/2-1/2"]
[WhiteElo "2153"]
[BlackElo "2351"]
[EventDate "2017.06.10"]
[PlyCount "61"]

1.e4 d5 2.exd5 Nf6 3.Nf3 Bg4 4.Bb5+ Nbd7 5.h3 a6 6.Bxd7+ Bxd7 7.c4 b5 8.d3
e6 9.Qe2 Be7 10.dxe6 Bxe6 11.O-O O-O 12.Nc3 Rb8 13.Bf4 Nh5 14.Bh2 Bd6 15.
Bxd6 Qxd6 16.Ne4 Qd8 17.Rfd1 h6 18.Nc5 Re8 19.Qd2 Rb6 20.a4 Bxh3 21.gxh3 
Rg6+ 22.Kh1 Qf6 23.Ng1 Qc6+ 24.Ne4 f5 25.axb5 Qa8 26.f3 fxe4 27.dxe4 Kh7 
28.Qd5 Qa7 29.Qd4 Ng3+ 30.Kh2 Nf1+ 31.Kh1 1/2-1/2

[Event "12th American Continental"]
[Site "Medellin COL"]
[Date "2017.06.12"]
[Round "4.43"]
[White "Rios Parra, Alejandro"]
[Black "Puppi Lazo, Jorge Luis"]
[Result "1/2-1/2"]
[WhiteElo "2345"]
[BlackElo "2120"]
[EventDate "2017.06.10"]
[PlyCount "54"]

1.e4 c5 2.Nf3 e6 3.d4 cxd4 4.Nxd4 a6 5.Nc3 b5 6.Bd3 Qb6 7.Nb3 Qc7 8.f4 Bb7
9.Qe2 b4 10.Nd1 a5 11.O-O Na6 12.f5 e5 13.Bg5 Nf6 14.Kh1 Be7 15.Ne3 Nc5 
16.Nxc5 Qxc5 17.Rad1 O-O 18.Bxf6 Bxf6 19.Ng4 d5 20.Nxf6+ gxf6 21.Qg4+ Kh8 
22.Qh4 Qb6 23.Rf3 Rg8 24.exd5 Bxd5 25.Be4 Bxe4 26.Qxe4 Rad8 27.Rxd8 Rxd8 
1/2-1/2

[Event "12th American Continental"]
[Site "Medellin COL"]
[Date "2017.06.12"]
[Round "4.47"]
[White "Noboa Silva, Kevin"]
[Black "Arias Santana, Mauricio"]
[Result "0-1"]
[WhiteElo "2129"]
[BlackElo "2292"]
[EventDate "2017.06.10"]
[PlyCount "118"]

1.d4 Nf6 2.c4 c5 3.d5 b5 4.Qc2 b4 5.e4 d6 6.Nf3 g6 7.Bd3 Bg7 8.O-O Nbd7 9.
h3 O-O 10.a3 bxa3 11.Rxa3 Ne8 12.Bd2 Nc7 13.Bc3 f6 14.Nbd2 Na6 15.Be2 Nb6 
16.Qd1 Nb4 17.h4 e5 18.h5 f5 19.Ne1 Bh6 20.Nd3 a5 21.Ra1 Bd7 22.b3 Qh4 23.
exf5 gxf5 24.Nf3 Qe7 25.Bd2 f4 26.Nxb4 axb4 27.Rxa8 Rxa8 28.Ne1 Qg5 29.Bf3
Bf5 30.g3 Qg7 31.Bg2 Ra2 32.gxf4 Nd7 33.Bc1 exf4 34.Kh1 Qg5 35.Nf3 Qxh5+ 
36.Kg1 Bg4 37.Qd3 Qf5 38.Qxf5 Bxf5 39.Re1 Kf7 40.Nd2 Nf6 41.Bf3 Bc2 42.Kg2
Bf8 43.Bd1 Bxd1 44.Rxd1 Ng4 45.Kf3 Ne5+ 46.Ke4 Rc2 47.Rh1 h5 48.f3 Kg6 49.
Rg1+ Kf6 50.Rh1 h4 51.Rxh4 Rxc1 52.Rxf4+ Ke7 53.Rh4 Rd1 54.Rh2 Kf6 55.Ke3 
Re1+ 56.Kf4 Nd3+ 57.Kg4 Rg1+ 58.Kh4 Rg8 59.Re2 Be7 0-1

[Event "12th American Continental"]
[Site "Medellin COL"]
[Date "2017.06.12"]
[Round "4.48"]
[White "Gonzalez Lopez, Nicolas Mateo"]
[Black "Franco Valencia, Angela Maria"]
[Result "0-1"]
[WhiteElo "2127"]
[BlackElo "2286"]
[EventDate "2017.06.10"]
[PlyCount "140"]

1.e4 e5 2.Nf3 Nc6 3.Bb5 a6 4.Ba4 Nge7 5.c3 g6 6.d4 exd4 7.cxd4 b5 8.Bb3 
Bg7 9.d5 Na5 10.Bd2 Nxb3 11.axb3 d6 12.Bc3 f6 13.h4 Bg4 14.h5 gxh5 15.Qd3 
O-O 16.Nd4 Qe8 17.O-O h4 18.Nd2 Qh5 19.Ne6 Bxe6 20.dxe6 Qg4 21.Qh3 Qxh3 
22.gxh3 Ng6 23.f4 f5 24.Bxg7 Kxg7 25.Rac1 c5 26.e5 dxe5 27.fxe5 Rac8 28.
Nf3 Rfe8 29.Rfd1 Rxe6 30.Rd7+ Re7 31.Rxe7+ Nxe7 32.Nxh4 c4 33.bxc4 Rxc4 
34.Rxc4 bxc4 35.Kf2 Kf7 36.Ke3 Ke6 37.Nf3 Kd5 38.Kf4 a5 39.Nd2 a4 40.Nb1 
Ke6 41.Nc3 Ng6+ 42.Ke3 Kxe5 43.Nxa4 Nf4 44.Kf3 Nxh3 45.Nb6 Ng5+ 46.Kg3 
Ne4+ 47.Kf3 Ng5+ 48.Kg3 Ne4+ 49.Kf3 Nd6 50.Nd7+ Kd4 51.Kf4 h5 52.Ne5 Kc5 
53.Nf3 Kd5 54.Ne5 h4 55.Ng6 h3 56.Kg3 Ke4 57.Kxh3 Ke3 58.Ne5 Ke2 59.Nc6 f4
60.Kg2 Ke3 61.Ne5 Ke2 62.Nf3 Nf5 63.Ng1+ Ke3 64.Nf3 Nd4 65.Ne5 Ke2 66.Ng4 
f3+ 67.Kg3 Ne6 68.Nf2 Nc5 69.Nh3 Ne4+ 70.Kg4 f2 0-1